[Event "Lleida op"]
[Site "Lleida"]
[Date "2016.04.23"]
[Round "1.9"]
[White "Altisent Carulla, Daniel"]
[Black "Ferrer Font, Jordi"]
[Result "0-1"]
[WhiteElo "1689"]
[BlackElo "1885"]
[PlyCount "72"]
[EventDate "2016.04.23"]
[EventType "swiss"]
[EventRounds "9"]
[EventCountry "ESP"]
[SourceTitle "EXT 2024"]
[Source "ChessBase"]
[SourceDate "2023.10.10"]
[SourceVersion "1"]
[SourceVersionDate "2023.10.10"]
[SourceQuality "1"]

1. d4 Nf6 2. Nc3 d5 3. Bg5 e6 4. a3 c5 5. e3 Be7 6. Bb5+ Bd7 7. Nf3 Bxb5 8. Nxb5 a6 9. Nc3 Nbd7 10. 0-0 0-0 11. h3 h6 12. Bf4 b5 13. Qd2 Nb6 14. Ne5 Nc4 15. Nxc4 bxc4 16. Rfe1 Bd6 17. e4 Bxf4 18. Qxf4 cxd4 19. e5 dxc3 20. exf6 cxb2 21. Rab1 Qxf6 22. Qxf6 gxf6 23. Rxb2 Rfb8 24. Ra2 Rb6 25. Re3 e5 26. c3 Rd8 27. Rd2 d4 28. cxd4 exd4 29. Rg3+ Kh7 30. Rg4 c3 31. Rgxd4 Rxd4 32. Rxd4 c2 33. Rc4 Rb1+ 34. Kh2 c1Q 35. Rxc1 Rxc1 36. Kg3 Rc3+ 0-1